000 00879nmm a2200313 a 4500
003 AR-BaBNM
005 20251128211128.0
008 022120s2000 ||||||||||||||000 | spa||
020 _a950-23-1136-1
020 _a950-23-1137-x
040 _cAR-BaBNM
245 1 0 _aLa Argentina de los noventa
_bdesempeño económico en un contexto de reformas
260 _aBuenos Aires
_bEudeba
_c2000
300 0 _a2 v.
_btab. , gráfs.
650 4 _aSISTEMAS ECONOMICOS
650 4 _aMERCADO DE TRABAJO
650 4 _aINVERSIONES EXTRANJERAS
650 4 _aINVERSION
650 4 _aMACROECONOMIA
650 4 _aDISTRIBUCION DE INGRESOS
650 4 _aHISTORIA ECONOMICA
650 4 _aREFORMA DEL ESTADO
651 4 _aArgentina
653 0 _aPRIVATIZACIONES
700 1 _aHeymann, Daniel
_eeditor
700 1 _aKosacoff, Bernardo
_eeditor
942 _cBK
998 _cmariana
999 _c18363
_d18363